Mulher e Mercosul. Mujer y Mercosur /

Guardat en:
Dades bibliogràfiques
Autor principal: Vogel, Arno
Altres autors: org. Nascimento, Edson org
Format: Text
Publicat: Brasilia: FLACSO. BID
Matèries:
Etiquetes: Afegir etiqueta
Sense etiquetes, Sigues el primer a etiquetar aquest registre!

MARC

LEADER 00000 a a2200000 04500
001 37986
003
040
020 |a 85-87318-03-9  
090 |a 1003 M953mu vol. 2  
100 |a Vogel, Arno  
245 |a Mulher e Mercosul. Mujer y Mercosur /  |c Arno Vogel  
260 |a Brasilia:   |b FLACSO. BID  
300 |a 163 p.  
650 |a MUJERES  
650 |a TRABAJO  
650 |a INTEGRACION REGIONAL  
700 |a org.   |a Nascimento, Edson   |a org.  
999 |c 4000  |d 4000